Statistics for African Capitals Ending in A

Click here to take the quiz!

General Stats

  • This quiz has been taken 27 times
    (9 since last reset)
  • The average score is 12 of 16

Answer Stats

Capital City % Correct
Luanda
100%
Accra
100%
Kinshasa
100%
Addis Ababa
88%
Kampala
88%
Monrovia
88%
Pretoria
88%
Abuja
75%
Asmara
75%
Dodoma
75%
Lusaka
75%
Juba
75%
Victoria
63%
Gitega
50%
N'Djamena
50%
Praia
50%

Score Distribution

Percentile by Number Answered

Percent of People with Each Score

Your Score History

You have not taken this quiz since the last reset